Ako sa bude vyvíjať trh s rezidenčnými nehnuteľnosťami v Slovenskej republike?
Ceny nehnuteľností, ich význam a sledovanie. Štatistika vývoja cien nehnuteľností. Vývoj realitnej bubliny vo vybraných regiónov SR. Analýza predajnosti bytov v Bratislave. Predpokladaný vývoj do budúcnosti.
Saved in:
| Main Author: | |
|---|---|
| Format: | Book Chapter |
| Language: | Slovak |
| Subjects: | |
| Tags: |
No Tags, Be the first to tag this record!
|
MARC
| LEADER | 00000nla$a2200000$$$4500 | ||
|---|---|---|---|
| 001 | 0102758 | ||
| 005 | 20240502072120.7 | ||
| 041 | 0 | |a slo | |
| 044 | |a SK | ||
| 245 | 1 | 0 | |a Ako sa bude vyvíjať trh s rezidenčnými nehnuteľnosťami v Slovenskej republike? |c Peter Kardoš |
| 520 | |a Ceny nehnuteľností, ich význam a sledovanie. Štatistika vývoja cien nehnuteľností. Vývoj realitnej bubliny vo vybraných regiónov SR. Analýza predajnosti bytov v Bratislave. Predpokladaný vývoj do budúcnosti. | ||
| 610 | 2 | 0 | |a trh hypotekárny |
| 610 | 2 | 0 | |a kríza finančná |
| 610 | 2 | 0 | |a vývoj cenový |
| 610 | 2 | 0 | |a byty |
| 610 | 2 | 0 | |a Slovensko |
| 610 | 2 | 0 | |a nehnuteľnosti |
| 610 | 2 | 0 | |a oceňovanie ekonomické |
| 100 | 1 | |a Kardoš, Peter | |